000 00430nam a22001817a 4500
003 MPLRDC
005 20220104143044.0
008 210129b ||||| |||| 00| 0 eng d
020 _a978-0-19-800195-9
082 _a855 DQ-2
100 _a董桥
245 _a绝色
_c
250 _a初版
260 _a香港
_b牛津大学出版社
_c2008
300 _b265
650 _a散文;随笔、日记
942 _cBK
_o855 DQ-2
999 _c36202
_d36192